<?xml version="1.0" encoding="UTF-8"?><?xml-stylesheet type="text/xsl" href="static/style.xsl"?><OAI-PMH xmlns="http://www.openarchives.org/OAI/2.0/" xmlns:xsi="http://www.w3.org/2001/XMLSchema-instance" xsi:schemaLocation="http://www.openarchives.org/OAI/2.0/ http://www.openarchives.org/OAI/2.0/OAI-PMH.xsd"><responseDate>2026-04-28T19:44:43Z</responseDate><request verb="GetRecord" identifier="oai:uvadoc.uva.es:10324/77045" metadataPrefix="marc">https://uvadoc.uva.es/oai/request</request><GetRecord><record><header><identifier>oai:uvadoc.uva.es:10324/77045</identifier><datestamp>2025-09-04T11:56:15Z</datestamp><setSpec>com_10324_1190</setSpec><setSpec>com_10324_931</setSpec><setSpec>com_10324_894</setSpec><setSpec>col_10324_1351</setSpec></header><metadata><record xmlns="http://www.loc.gov/MARC21/slim" xmlns:doc="http://www.lyncode.com/xoai" xmlns:xsi="http://www.w3.org/2001/XMLSchema-instance" xmlns:dcterms="http://purl.org/dc/terms/" xsi:schemaLocation="http://www.loc.gov/MARC21/slim http://www.loc.gov/standards/marcxml/schema/MARC21slim.xsd">
<leader>00925njm 22002777a 4500</leader>
<datafield tag="042" ind1=" " ind2=" ">
<subfield code="a">dc</subfield>
</datafield>
<datafield tag="720" ind1=" " ind2=" ">
<subfield code="a">López del Río, Alberto</subfield>
<subfield code="e">author</subfield>
</datafield>
<datafield tag="260" ind1=" " ind2=" ">
<subfield code="c">2023</subfield>
</datafield>
<datafield tag="520" ind1=" " ind2=" ">
<subfield code="a">En 1954, el poeta y compositor Vinicius de Moraes publica la obra Orfeu da Conceição, adaptando el mito clásico griego a la cultura brasileña. A la hora de llevar la obra a escena, de Moraes se rodeará de amigos y colaboradores habituales, entre ellos, Oscar Niemeyer, que será el encargado de construir el marco espacial en el que se desarrollará la pieza, para su estreno en el Teatro Municipal de Río de Janeiro en 1956. Niemeyer, en una de sus pocas incursiones en el ámbito de la escenografía, proyectará una instalación de claro carácter arquitectónico. En ella, además de reflejar la concreción espacial planteada por de Moraes en su texto, el arquitecto recogerá algunas de las ideas recurrentes en su propia obra, construyendo un objeto arquitectónico plagado de referencias y simbolismos, cuya complejidad irá más allá del pequeño tamaño y el carácter efímero del montaje teatral.</subfield>
</datafield>
<datafield tag="024" ind2=" " ind1="8">
<subfield code="a">rita_revista indexada de textos académicos, 2023, n. 19, p. 192-209.</subfield>
</datafield>
<datafield tag="024" ind2=" " ind1="8">
<subfield code="a">2340-9711</subfield>
</datafield>
<datafield tag="024" ind2=" " ind1="8">
<subfield code="a">https://uvadoc.uva.es/handle/10324/77045</subfield>
</datafield>
<datafield tag="024" ind2=" " ind1="8">
<subfield code="a">10.24192/2386-7027(2023)(v19)(11)</subfield>
</datafield>
<datafield tag="024" ind2=" " ind1="8">
<subfield code="a">192</subfield>
</datafield>
<datafield tag="024" ind2=" " ind1="8">
<subfield code="a">19</subfield>
</datafield>
<datafield tag="024" ind2=" " ind1="8">
<subfield code="a">209</subfield>
</datafield>
<datafield tag="024" ind2=" " ind1="8">
<subfield code="a">rita_</subfield>
</datafield>
<datafield tag="024" ind2=" " ind1="8">
<subfield code="a">2386-7027</subfield>
</datafield>
<datafield ind1=" " ind2=" " tag="653">
<subfield code="a">0731 Arquitectura y urbanismo</subfield>
</datafield>
<datafield tag="245" ind1="0" ind2="0">
<subfield code="a">Una noche de luna en un cerro carioca. La escenografía de Oscar Niemeyer para Orfeu da Conceição</subfield>
</datafield>
</record></metadata></record></GetRecord></OAI-PMH>